The 25 best NBA players in 2024 - Statistics

General Stats
  • This quiz has been taken 102 times
  • The average score is 17 of 25
Answer Stats
Position Answer % Correct
7 PG Curry
98%
2 C Jokic
97%
8 SF LeBron James
97%
1 PG Doncic
93%
4 C Embiid
87%
9 PF Durant
84%
5 SF Tatum
84%
14 SG Booker
76%
19 SG Brown
76%
11 C Davis
75%
13 PG Brunson
69%
12 SG Edwards
67%
3 PG Shai
67%
25 SF Butler
63%
21 SF George
63%
20 PG Lillard
60%
10 PF Leonard
59%
24 SG Mitchell
59%
15 PG Haliburton
57%
18 SG Irving
55%
16 C Sabonis
53%
6 PF Antetokounmpo
52%
23 SG Maxey
44%
22 PF Banchero
43%
17 C Wembenyama
9%
No matching quizzes found
Score Distribution
Percent of People with Each Score
Percentile by Number Answered
Your Score History
You have not taken this quiz